00258nam a22000857a 4500008004100000082002100041245005300062260004900115300000800164230704b xxu||||| |||| 00| 0 eng d a342.07bMUT 1983 a1979 Election Petition JudgementbDaniel Mutinda aNairobibStellascope Publishing Co Ltdc1983 a39p